<?xml version="1.0" encoding="UTF-8"?>
<collection xmlns="http://www.loc.gov/MARC21/slim">
 <record>
  <leader>00490pamaa2200157   4500</leader>
  <controlfield tag="001">0000022199</controlfield>
  <controlfield tag="005">20061114090000.0</controlfield>
  <datafield tag="020" ind1="0" ind2="0">
   <subfield code="a">0948454121 </subfield>
  </datafield>
  <datafield tag="090" ind1="0" ind2="0">
   <subfield code="a">PR1179.C45 </subfield>
   <subfield code="b">BUR 1991</subfield>
  </datafield>
  <datafield tag="100" ind1="1" ind2="0">
   <subfield code="a">BURNETT </subfield>
  </datafield>
  <datafield tag="245" ind1="1" ind2="0">
   <subfield code="a">Mirror &amp; pool : </subfield>
   <subfield code="b">translations from the Chinese  </subfield>
   <subfield code="c">by David Burnett and John Cayley ; illustrated by Bronwyn Borrow.</subfield>
  </datafield>
  <datafield tag="260" ind1="0" ind2="0">
   <subfield code="a">London: </subfield>
   <subfield code="b">Wellsweep, </subfield>
   <subfield code="c">1991.</subfield>
  </datafield>
  <datafield tag="300" ind1=" " ind2=" ">
   <subfield code="a">96p.; </subfield>
   <subfield code="c">21cm.</subfield>
  </datafield>
  <datafield tag="650" ind1="0" ind2="0">
   <subfield code="a">Chinese poetry -- </subfield>
   <subfield code="x">Adaptations </subfield>
  </datafield>
  <datafield tag="700" ind1="1" ind2="1">
   <subfield code="a">CAYLEY, </subfield>
   <subfield code="h">John </subfield>
  </datafield>
  <datafield tag="740" ind1="0" ind2="0">
   <subfield code="a">Mirror and pool</subfield>
  </datafield>
 </record>
</collection>
